Time series analysis of irregularly observed data : proceedings of a symposium held at Texas A&M University, College Station, Texas, February 10-13, 1983 /

Guardado en:
Otros Autores: Parzen, Emanuel, 1929- (Editor )
Formato: Libro
Idioma:English
Publicado: New York : Springer-Verlag, 1984.
Series:Lecture notes in statistics (Springer-Verlag) ; v. 25.
Materias:
Etiquetas: Agregar Etiqueta
Sin Etiquetas, Sea el primero en etiquetar este registro!
LEADER 00903pam a2200229 a 4500
001 MAT.inmabb004856
008 840409s1984####nyua#####b####100#0#eng##
005 20160601172843.0
245 0 0 |a Time series analysis of irregularly observed data :  |b proceedings of a symposium held at Texas A&M University, College Station, Texas, February 10-13, 1983 /  |c edited by Emanuel Parzen. 
260 |a New York :  |b Springer-Verlag,  |c 1984. 
300 |a 363 p. :  |b il. ;  |c 25 cm. 
490 1 |a Lecture notes in statistics ;  |v 25 
504 |a Incluye referencias bibliográficas. 
510 4 |a MR,  |c 86i:62190 
020 |a 0387960406 (pbk.) 
700 1 |a Parzen, Emanuel,  |d 1929-  |4 edt 
830 0 |a Lecture notes in statistics (Springer-Verlag) ;  |v v. 25. 
650 0 |a Time-series analysis. 
084 |a 62M10 (62M15)  |2 msc2000 
010 |a  84005502  
040 |a DLC  |c DLC  |d DLC 
859 |h 62  |i L471-25  |p A-6032  |b BIB. MATEMATICA